| Tag |
First Indicator |
Second Indicator |
Subfields |
| LEADER |
00000cam a2200000 a 4500 |
| 001 |
in00001485708 |
| 005 |
20151021072617.0 |
| 008 |
980128s1998 cou b 001 0 eng |
| 010 |
|
|
|a 98005451
|
| 015 |
|
|
|a GB99-2216
|
| 019 |
|
|
|a 39327393
|
| 020 |
|
|
|a 0813386950 (pb : alk. paper)
|
| 035 |
|
|
|a (OCoLC)38304368
|
| 035 |
|
|
|9 AJH4289AM
|
| 040 |
|
|
|a DLC
|c DLC
|d UKM
|d TXA
|d UtOrBLW
|
| 043 |
|
|
|a nc-----
|
| 049 |
|
|
|a TXAM
|
| 050 |
0 |
0 |
|a HD1797
|b .B76 1998
|
| 082 |
0 |
0 |
|a 333.3/09728
|2 21
|
| 100 |
1 |
|
|a Brockett, Charles D.,
|d 1946-
|
| 245 |
1 |
0 |
|a Land, power, and poverty :
|b agrarian transformation and political conflict in Central America /
|c Charles D. Brockett.
|
| 250 |
|
|
|a 2nd ed.
|
| 264 |
|
1 |
|a Boulder, Colo. :
|b Westview Press,
|c 1998.
|
| 300 |
|
|
|a xviii, 270 pages :
|b illustrations ;
|c 23 cm.
|
| 336 |
|
|
|a text
|b txt
|2 rdacontent
|
| 337 |
|
|
|a unmediated
|b n
|2 rdamedia
|
| 338 |
|
|
|a volume
|b nc
|2 rdacarrier
|
| 490 |
1 |
|
|a Thematic studies in Latin America
|
| 504 |
|
|
|a Includes bibliographical references (pages 229-258) and index.
|
| 650 |
|
0 |
|a Agriculture
|x Economic aspects
|z Central America.
|
| 650 |
|
0 |
|a Land use
|z Central America.
|
| 650 |
|
0 |
|a Land tenure
|z Central America.
|
| 650 |
|
0 |
|a Land reform
|z Central America.
|
| 650 |
|
0 |
|a Elite (Social sciences)
|z Central America.
|
| 650 |
|
0 |
|a Poor
|z Central America.
|
| 651 |
|
0 |
|a Central America
|x Rural conditions.
|
| 830 |
|
0 |
|a Thematic studies in Latin America.
|
| 948 |
|
|
|a c:jal
|
| 999 |
|
|
|a MARS
|
| 999 |
f |
f |
|s ace3ebaf-8379-3e31-ad96-dcf4d44a5543
|i b55971d1-ca9e-36db-a833-11a3d4bd3c15
|t 0
|
| 952 |
f |
f |
|p ric
|a Texas A&M University
|b Rellis Campus
|c Joint Library Facility
|d Remote Storage
|t 0
|e HD1797 .B76 1998
|h Library of Congress classification
|i unmediated -- volume
|m A14825003169
|
| 998 |
f |
f |
|a HD1797 .B76 1998
|t 0
|l Remote Storage
|